Calculus : (Record no. 548)
| 000 -LEADER | |
|---|---|
| fixed length control field | 00988cam a2200289 a 4500 |
| 001 - CONTROL NUMBER | |
| control field | 12906941 |
| 003 - CONTROL NUMBER IDENTIFIER | |
| control field | OSt |
| 005 - DATE AND TIME OF LATEST TRANSACTION | |
| control field | 20140116120831.0 |
| 008 - FIXED-LENGTH DATA ELEMENTS--GENERAL INFORMATION | |
| fixed length control field | 020826s2003 caua 001 0 eng |
| 010 ## - LIBRARY OF CONGRESS CONTROL NUMBER | |
| LC control number | 2002112187 |
| 020 ## - INTERNATIONAL STANDARD BOOK NUMBER | |
| International Standard Book Number | 9780495382737 |
| 035 ## - SYSTEM CONTROL NUMBER | |
| System control number | (DLC) 2002112187 |
| 040 ## - CATALOGING SOURCE | |
| Transcribing agency | DLC |
| Modifying agency | DLC |
| 050 00 - LIBRARY OF CONGRESS CALL NUMBER | |
| Classification number | QA303.2.S74 2008 |
| 100 1# - MAIN ENTRY--PERSONAL NAME | |
| Personal name | Stewart, James . |
| 245 10 - TITLE STATEMENT | |
| Title | Calculus : |
| Remainder of title | early transcendentals / |
| Statement of responsibility, etc | James Stewart. |
| 246 14 - VARYING FORM OF TITLE | |
| Title proper/short title | Calculus, early transcendentals |
| 250 ## - EDITION STATEMENT | |
| Edition statement | 6th ed. |
| 260 ## - PUBLICATION, DISTRIBUTION, ETC. (IMPRINT) | |
| Place of publication, distribution, etc | Australia : |
| Name of publisher, distributor, etc | Brooks/Cole Cegage Learning, |
| Date of publication, distribution, etc | 2008. |
| 300 ## - PHYSICAL DESCRIPTION | |
| Extent | various paging : |
| Other physical details | ill. (some col.) |
| 500 ## - GENERAL NOTE | |
| General note | Includes index. |
| 538 ## - SYSTEM DETAILS NOTE | |
| System details note | System requirements for accompanying CD-ROMs: Microsoft Windows 98 or higher; Macintosh 8.6 or higher. |
| 650 #0 - SUBJECT ADDED ENTRY--TOPICAL TERM | |
| Topical term or geographic name as entry element | Calculus. |
| 906 ## - LOCAL DATA ELEMENT F, LDF (RLIN) | |
| a | 7 |
| b | cbc |
| c | orignew |
| d | 2 |
| e | epcn |
| f | 20 |
| g | y-gencatlg |
| 942 ## - ADDED ENTRY ELEMENTS (KOHA) | |
| Source of classification or shelving scheme | |
| Koha item type | Book |
| Withdrawn status | Lost status | Source of classification or shelving scheme | Damaged status | Not for loan | Home library | Current library | Date acquired | Source of acquisition | Total Checkouts | Full call number | Barcode | Date last seen | Copy number | Price effective from | Koha item type | Date checked out |
|---|---|---|---|---|---|---|---|---|---|---|---|---|---|---|---|---|
| Riara University Library | Riara University Library | 24/10/2011 | Purchase | QA303.2.S74 2008 | 1363/11 | 24/10/2011 | C.1 | 24/10/2011 | Book | |||||||
| Riara University Library | Riara University Library | 24/10/2011 | Purchase | 2 | QA303.2.S74 2008 | 1361/11 | 07/04/2015 | C.2 | 24/10/2011 | Book | 20/03/2015 | |||||
| Riara University Library | Riara University Library | 24/10/2011 | Purchase | 8 | QA303.2.S74 2008 | 1362/11 | 13/12/2024 | C.3 | 24/10/2011 | Book | 29/11/2024 |
